| 000 | 00786nam a2200217 4500 | ||
|---|---|---|---|
| 001 | 131768 | ||
| 003 | ES-MaACL | ||
| 005 | 20251122063124.0 | ||
| 007 | t| | ||
| 008 | 070214s1929 sp r ||||1| spa d | ||
| 080 | _a002(042) | ||
| 100 | 1 |
_aRodríguez Marín, Francisco, _d1855-1943 _998634 |
|
| 245 | 1 | 4 |
_aLos libros : _bdiscurso leído ante la Real Academia Española en la noche del 7 de octubre de 1926 / _cpor su bibliotecario perpetuo D. Francisco Rodríguez Marín. |
| 260 |
_aSevilla : _b[s. n.], _c1929 ( _fTip. de M. Carmona) |
||
| 300 |
_a46 p. ; _c21 cm. |
||
| 594 | _aPrecede al tít.: Exposición Iberoamericana. | ||
| 650 | 7 |
_aLibros _2embne _914428 |
|
| 711 | 2 |
_aReal Academia Española. _9943 |
|
| 852 |
_aES-MaACL _j1734-F-14 |
||
| 999 |
_c131768 _d131768 |
||